<?xml version="1.0" encoding="UTF-8"?>
<record
    xmlns:xsi="http://www.w3.org/2001/XMLSchema-instance"
    xsi:schemaLocation="http://www.loc.gov/MARC21/slim http://www.loc.gov/standards/marcxml/schema/MARC21slim.xsd"
    xmlns="http://www.loc.gov/MARC21/slim">

  <leader>01297nam a22002895a 4500</leader>
  <controlfield tag="003">OSt</controlfield>
  <controlfield tag="005">20180428154011.0</controlfield>
  <controlfield tag="008">180428s2014    enka   frb    000 0dara d</controlfield>
  <datafield tag="020" ind1=" " ind2=" ">
    <subfield code="a">9781780581446</subfield>
  </datafield>
  <datafield tag="040" ind1=" " ind2=" ">
    <subfield code="a">EG-ScBUE</subfield>
    <subfield code="b">ara</subfield>
    <subfield code="c">EG-ScBUE</subfield>
  </datafield>
  <datafield tag="082" ind1="0" ind2="4">
    <subfield code="a">320.557</subfield>
    <subfield code="b">&#x634; &#x627; &#x639;</subfield>
    <subfield code="2">22</subfield>
  </datafield>
  <datafield tag="100" ind1="1" ind2=" ">
    <subfield code="a">&#x634;&#x627;&#x639;&#x631;&#x60C; &#x64A;&#x627;&#x633;&#x631; &#x62D;&#x644;&#x645;&#x64A;.</subfield>
  </datafield>
  <datafield tag="245" ind1="1" ind2="2">
    <subfield code="a">&#x627;&#x644;&#x62A;&#x627;&#x631;&#x64A;&#x62E; &#x627;&#x644;&#x623;&#x633;&#x648;&#x62F; &#x644;&#x644;&#x62C;&#x645;&#x627;&#x639;&#x629; :</subfield>
    <subfield code="b">&#x628;&#x64A;&#x646; &#x64A;&#x647;&#x648;&#x62F;&#x64A;&#x629; &#x62D;&#x633;&#x646; &#x627;&#x644;&#x628;&#x646;&#x627; &#x648;&#x645;&#x627;&#x633;&#x648;&#x646;&#x64A;&#x629; &#x627;&#x644;&#x625;&#x62E;&#x648;&#x627;&#x646; = Black history of the muslim brotherhood : between Jewishness of Hassan al-Banna and masonry of the brotherhood /</subfield>
    <subfield code="c">&#x64A;&#x627;&#x633;&#x631; &#x62D;&#x644;&#x645;&#x64A; &#x627;&#x644;&#x634;&#x627;&#x639;&#x631;.</subfield>
  </datafield>
  <datafield tag="246" ind1="3" ind2="1">
    <subfield code="a">Black history of the muslim brotherhood :</subfield>
    <subfield code="b">between Jewishness of Hassan al-Banna and masonry of the brotherhood</subfield>
  </datafield>
  <datafield tag="250" ind1=" " ind2=" ">
    <subfield code="a">&#x637;. 1.</subfield>
  </datafield>
  <datafield tag="260" ind1=" " ind2=" ">
    <subfield code="a">&#x644;&#x646;&#x62F;&#x646; :</subfield>
    <subfield code="b">&#x625;&#x64A;-&#x643;&#x62A;&#x628;&#x60C;</subfield>
    <subfield code="c">2014.</subfield>
  </datafield>
  <datafield tag="300" ind1=" " ind2=" ">
    <subfield code="a">316 &#x635;. :</subfield>
    <subfield code="b">&#x625;&#x64A;&#x636;. &#x61B;</subfield>
    <subfield code="c">24 &#x633;&#x645;.</subfield>
  </datafield>
  <datafield tag="504" ind1=" " ind2=" ">
    <subfield code="a">&#x64A;&#x634;&#x62A;&#x645;&#x644; &#x639;&#x644;&#x649; &#x625;&#x631;&#x62C;&#x627;&#x639;&#x627;&#x62A; &#x628;&#x628;&#x644;&#x64A;&#x648;&#x62C;&#x631;&#x627;&#x641;&#x64A;&#x629;.</subfield>
  </datafield>
  <datafield tag="541" ind1=" " ind2=" ">
    <subfield code="a">&#x623;. &#x645;&#x62D;&#x645;&#x62F; &#x641;&#x631;&#x64A;&#x62F; &#x62E;&#x645;&#x64A;&#x633; &#x61B;</subfield>
    <subfield code="c">&#x625;&#x647;&#x62F;&#x627;&#x621; &#x61B;</subfield>
  </datafield>
  <datafield tag="600" ind1="1" ind2="7">
    <subfield code="a">&#x628;&#x646;&#x627;&#x60C; &#x62D;&#x633;&#x646;&#x60C;</subfield>
    <subfield code="d">1949-1906.</subfield>
    <subfield code="2">BUEsh</subfield>
  </datafield>
  <datafield tag="610" ind1="2" ind2="7">
    <subfield code="a">&#x62C;&#x645;&#x627;&#x639;&#x629; &#x627;&#x644;&#x625;&#x62E;&#x648;&#x627;&#x646; &#x627;&#x644;&#x645;&#x633;&#x644;&#x645;&#x64A;&#x646; (&#x645;&#x635;&#x631;).</subfield>
    <subfield code="x">&#x62A;&#x627;&#x631;&#x64A;&#x62E;.</subfield>
    <subfield code="2">BUEsh</subfield>
  </datafield>
  <datafield tag="650" ind1=" " ind2="7">
    <subfield code="a">&#x627;&#x644;&#x645;&#x627;&#x633;&#x648;&#x646;&#x64A;&#x629;.</subfield>
    <subfield code="2">BUEsh</subfield>
  </datafield>
  <datafield tag="650" ind1=" " ind2="7">
    <subfield code="a">&#x627;&#x644;&#x645;&#x627;&#x633;&#x648;&#x646;&#x64A;&#x629; &#x648;&#x627;&#x644;&#x64A;&#x647;&#x648;&#x62F;.</subfield>
    <subfield code="2">BUEsh</subfield>
  </datafield>
  <datafield tag="651" ind1=" " ind2=" ">
    <subfield code="2">BUEsh</subfield>
  </datafield>
  <datafield tag="653" ind1=" " ind2=" ">
    <subfield code="b">GGEN</subfield>
    <subfield code="c">April2018</subfield>
  </datafield>
  <datafield tag="942" ind1=" " ind2=" ">
    <subfield code="2">ddc</subfield>
  </datafield>
  <datafield tag="999" ind1=" " ind2=" ">
    <subfield code="c">26607</subfield>
    <subfield code="d">26579</subfield>
  </datafield>
  <datafield tag="952" ind1=" " ind2=" ">
    <subfield code="0">0</subfield>
    <subfield code="1">0</subfield>
    <subfield code="2">ddc</subfield>
    <subfield code="4">0</subfield>
    <subfield code="7">0</subfield>
    <subfield code="8">Donation-G</subfield>
    <subfield code="a">MAIN</subfield>
    <subfield code="b">MAIN</subfield>
    <subfield code="c">0TH</subfield>
    <subfield code="d">2018-04-28</subfield>
    <subfield code="e">Donation</subfield>
    <subfield code="o">320.557 &#x634; &#x627; &#x639;</subfield>
    <subfield code="p">000043358</subfield>
    <subfield code="r">2025-07-15 00:00:00</subfield>
    <subfield code="s">2020-02-18</subfield>
    <subfield code="x">&#x625;&#x647;&#x62F;&#x627;&#x621; &#x645;&#x646; &#x623;. &#x645;&#x62D;&#x645;&#x62F; &#x641;&#x631;&#x64A;&#x62F; &#x62E;&#x645;&#x64A;&#x633;</subfield>
    <subfield code="y">BB</subfield>
  </datafield>
</record>
